Building a bigger workforce (Record no. 80307)
[ view plain ]
| 000 -LEADER | |
|---|---|
| fixed length control field | 00825cab a22001935a 4500 |
| 001 - CONTROL NUMBER | |
| control field | L143904 |
| 008 - FIXED-LENGTH DATA ELEMENTS--GENERAL INFORMATION | |
| fixed length control field | 080605s2008 xxk f 000 0 eng d |
| 035 ## - SYSTEM CONTROL NUMBER | |
| System control number | (Sirsi) u143904 |
| 041 0# - LANGUAGE CODE | |
| Language code of text/sound track or separate title | eng |
| 100 1# - MAIN ENTRY--PERSONAL NAME | |
| Personal name | Pratt, Alexandra |
| 245 00 - TITLE STATEMENT | |
| Title | Building a bigger workforce |
| 260 ## - PUBLICATION, DISTRIBUTION, ETC. | |
| Date of publication, distribution, etc. | 2008 |
| 490 ## - SERIES STATEMENT | |
| Series statement | RICS Business |
| Volume/sequential designation | June 2008, 14-17(4) |
| 520 ## - SUMMARY, ETC. | |
| Summary, etc. | Reports on the skills shortage in the surveying profession. Argues that training and retention are just as important as recruiting and training new surveyors. Looks at how the skills market in various areas of the work is responding to the shortage. Notes that the UK market is weak compared to others around the world. Provides a summary of the strategies endorsed by the RICS. |
| 590 ## - LOCAL NOTE (RLIN) | |
| Local note | KA |
| 651 #4 - SUBJECT ADDED ENTRY--GEOGRAPHIC NAME | |
| Geographic name | International |
| 690 ## - LOCAL SUBJECT ADDED ENTRY--TOPICAL TERM (OCLC, RLIN) | |
| Topical term or geographic name as entry element | BUILT ENVIRONMENT |
| 942 ## - ADDED ENTRY ELEMENTS (KOHA) | |
| Suppress in OPAC | 0 |
| Withdrawn status | Lost status | Source of classification or shelving scheme | Damaged status | Not for loan | Home library | Current library | Shelving location | Date acquired | Total Checkouts | Full call number | Barcode | Date last seen | Copy number | Price effective from | Koha item type |
|---|---|---|---|---|---|---|---|---|---|---|---|---|---|---|---|
| Dewey Decimal Classification | London | London | Journal article | 05/06/2008 | L143904. | 143904-1001 | 06/08/2019 | 1 | 06/08/2019 | Journal article |